Представление документа в формате RUSMARC

ПолеНазваниеЗначение
  Тип записи a
  Библиографический уровень m
001 Контрольный номер RU/SLIB/B/208707280
005 Дата корректировки 20241107123527.6
010 Индекс ISBN __
d Цена 7200-00
101 Язык документа 0_
a Язык текста rus
c Язык оригинала rus
200 Заглавие и сведения об ответственности 0_
a Заглавие Нечистая, неведомая и крестная сила
f Первые сведения об ответственности Максимов С. В.
b Общее обозначение материала Текст
210 Выходные данные 1_
a Место издания СПб.
c Издательство Полисет
d Дата издания 1994
215 Физическое описание __
a Объем 446 с.
606 Тематические рубрики __
a Основная рубрика Религия. Мистика. Свободомыслие
606 Тематические рубрики __
a Основная рубрика Этнология
y Географическая подрубрика Россия
606 Тематические рубрики __
a Основная рубрика Православие
606 Тематические рубрики __
a Основная рубрика Этнология современных народов
610 Ключевые слова 0_
a Ключевые слова этнография; праздники; демонология; обряды; обычаи; приметы; религиозные суеверия; колдуны; ведьмы; русалки; домовые
686 Индексы других классификаций __
2 Код системы rubbks
a Классификационный индекс 63.529(2)
686 Индексы других классификаций __
a Классификационный индекс 86.372-52
700 Автор _1
a Фамилия Максимов
b Имя С. В.
4 Код отношения 070
801 Источник записи _0
a Страна RU
b Организация Муниципальное бюджетное учреждение культуры "Централизованная библиотечная система" г. Сургут (Центральная городская библиотека им. А. С. Пушкина)
g Правила каталогизации ОБ/Бутенко
801 Источник записи _1
a Страна RU
b Организация Муниципальное бюджетное учреждение культуры "Централизованная библиотечная система" г. Сургут (Центральная городская библиотека им. А. С. Пушкина)
g Правила каталогизации ОБ/Бутенко
852 Данные о местонахождении __
j Шифр хранения 63.529(2)
c Каталожный индекс 63.5(2); 86.372-52
i Авторский знак М 17
p Инвентарный номер 50957
901 Тип документа __
t Тип документа m
903 Характеристики (МАРС) __
a Дата передачи 19990505
990 Данные о заказе (DOS) 00
j Количество экземпляров (DOS) 2
t N записи в КСУ для И/У (DOS) 199501